| 000 | 00654nam a2200229Ia 4500 | ||
|---|---|---|---|
| 005 | 20260429112013.0 | ||
| 008 | 260429s9999||||xx |||||||||||||| ||und|| | ||
| 020 | _a9781032163376 | ||
| 041 | _aEnglish | ||
| 082 |
_a378.007 _bCLE |
||
| 100 | _aClegg, Karen | ||
| 245 | 0 |
_aDoctoral supervision and research culture : _bwhat we know, what works and why / _cKaren Clegg |
|
| 250 | _a1st ed. | ||
| 260 |
_aNew Delhi : _bRoutledge, _c2024. |
||
| 300 | _axiii, 199 p.; pbk | ||
| 650 | _a Higher education | ||
| 650 | _a Research culture | ||
| 650 | _aDoctoral supervision | ||
| 700 | _a Gower, Owen | ||
| 700 | _a Houston, Gillian | ||
| 942 | _cTB | ||
| 999 |
_c51844 _d51844 |
||